| 000 | 00840nam a2200277Ia 4500 | ||
|---|---|---|---|
| 001 | dia_6238 | ||
| 003 | CHAP | ||
| 005 | 20230606130709.0 | ||
| 008 | 220117s2010 xx 000 0 und d | ||
| 010 | _a177479 | ||
| 020 | _a978-3-527-31912-1 | ||
| 040 | _cCHAP | ||
| 082 | _a664.09026 G56 2010 | ||
| 245 |
_aGlobal legislation for food packaging materials / _c edición Rinus Rijk y Rob Veraart |
||
| 260 |
_aAlemania : _b Wiley-VCH, _c2010 |
||
| 300 | _axxv, 389 p. | ||
| 503 | _aI. 253436 | ||
| 504 | _aIncluye bibliografías | ||
| 590 | _aK3626 G56 2010 | ||
| 650 |
_aAlimentos _xEnvasado _xLegislación _9161319 |
||
| 650 |
_aFood _xPackaging _xLaw and legislation _9161320 |
||
| 901 | _a664.09026 G56 2010 | ||
| 902 | _aA | ||
| 905 | _a5232272010 gw n 8222223322eng16 | ||
| 942 |
_cLIBRO _2ddc |
||
| 999 |
_c177479 _d177479 |
||